[Event "100 years Romania 2018"]
[Site "Alba Iulia"]
[Date "2018.11.18"]
[Round "9"]
[White "Stoleriu, George"]
[Black "Moiseenko, Vadim"]
[Result "0-1"]
[WhiteElo "2362"]
[BlackElo "2491"]
[Annotator "TA"]
[PlyCount "80"]
[EventDate "2018.11.12"]
[EventType "swiss"]
[EventCountry "ROU"]
[SourceTitle "playchess.com"]
[Source "ChessBase"]
[SourceQuality "1"]

{[%evp 18,80,0,0,7,0,0,0,5,0,0,0,0,-18,2,-50,-50,-192,-190,-183,-177,-209,-212,-193,-200,-197,-195,-222,-233,-248,-226,-219,-214,-241,-242,-231,-202,-183,-170,-272,-276,-257,-254,-252,-179,-179,-172,-204,-145,-250,-258,-290,-281,-406,-399,-529,-517,-664,-650,-594,-508,-506,-500,-464,-468]} 1. e4 c5 2. Nc3 Nc6 3. Bb5 Nd4 4. Bc4 e6 5. Nge2 a6 (5... Ne7 6. Nxd4 cxd4 7. Ne2 Nc6 8. O-O a6 9. d3 d5 10. exd5 exd5 11. Bb3 Bd6 12. Nf4 Bxf4 13. Bxf4 O-O 14. Qf3 Be6 15. Rfe1 {1-0 (58) Cornette,M (2611)-Lenic,L (2662) chess.com INT 2018}) 6. Nxd4 {B23: Closed Sicilian: Lines without g3} cxd4 7. Ne2 {[%cal Bc3e2,Be2g3,Bg3h5,Bh5f6][%mdl 32]} b5 8. Bb3 Bb7 9. d3 Bc5 10. O-O {LiveBook: 24 Games} Ne7 11. Ng3 O-O 12. Qg4 Kh8 13. Qg5 $146 ({Predecessor:} 13. Nh5) 13... Rc8 14. Nh5 {[%csl Gh5][%cal Rg5g7]} Rg8 15. Bf4 Qf8 16. Be5 (16. Bd2 $11) 16... d5 $15 17. f3 {[#]} (17. Qg4 $1 $15) 17... f6 $1 $36 {[%cal Rf6g5][%mdl 2048] Black is in control.} 18. Nxf6 h6 ({Not} 18... gxf6 19. Bxf6+ Rg7 20. Qe5 $14) 19. Qxh6+ gxh6 20. Nd7+ Kh7 21. Nxf8+ Rcxf8 22. Rae1 a5 {[%cal Ba6a5,Ba5a4][%mdl 32] aiming for ...a4.} 23. a4 bxa4 24. Bxa4 Bc6 25. Bb3 a4 26. Ba2 Rf7 27. Bg3 Ra8 28. exd5 (28. Rb1 $142) 28... Bxd5 ({Don't play} 28... exd5 29. Re6 $17) 29. Bxd5 exd5 30. Re6 Ra7 31. Ra1 Rg7 32. Bf2 Rg6 33. Re2 (33. Rxg6 $17 Kxg6 34. Kf1) 33... Rb6 34. c3 Nc6 35. h4 (35. Rc2 {keeps fighting.}) 35... Rb5 36. Rc2 dxc3 {Black is clearly winning.} 37. Bxc5 Rxc5 38. bxc3 {[#]} Nb4 $1 {[%mdl 512]} 39. Rb2 (39. cxb4 Rxc2) 39... Nxd3 40. Rba2 Rc4 {Accuracy: White = 42%, Black = 82%.} 0-1